000 00763nam a2200241 i 4500
001 182184
003 ES-MaACL
005 20240312150742.0
008 130621s2004 sp |||| | spa d
020 _a84-931983-6-6
080 _a791.43 Suárez, Gonzalo
245 0 3 _aEl cine de Gonzalo Suárez /
_cCarmen Becerra (ed. lit.).
260 _aPontevedra :
_bMirabel,
_c2004.
300 _a222 p. ;
_c21 cm.
490 1 _aLecturas: imágenes ;
_v3
504 _aBibliografía: p. 215-222.
600 1 4 _aSuárez, Gonzalo,
_d1934-
_9108561
700 0 _aBecerra, Carmen.
_926877
830 0 _aLecturas: imágenes ;
_v3
_9224805
852 _aES-MaACL
_jA-12749
_9189095
_bR.148806
_cDEPO1
_dOlim: N-5749
942 _2udc
_cMONOGRAFIA
999 _c182184
_d182184